El costo ecológico de la extracción de petróleo: una simulación /

Los campos petrolíferos de Ecuador se acercan al término de su vida económica y ya se están otorgando licencias para explotar nuevos yacimientos en la región amazónica. El hecho de que en algunas zonas de mayor valor ecológico del país pueda producirse deforestación, como sucedió en el pasado debido...

詳細記述

保存先:
書誌詳細
第一著者: Azqueta, Diego
その他の著者: Delacámara, Gonzalo
フォーマット: テキスト
主題:
タグ: タグ追加
タグなし, このレコードへの初めてのタグを付けませんか!

MARC

LEADER 00000 a a2200000 04500
001 16023
003
040
100 |a Azqueta, Diego  
245 |a El costo ecológico de la extracción de petróleo:   |b una simulación /  |c Diego Azqueta ; Gonzalo Delacámara 
520 |a Los campos petrolíferos de Ecuador se acercan al término de su vida económica y ya se están otorgando licencias para explotar nuevos yacimientos en la región amazónica. El hecho de que en algunas zonas de mayor valor ecológico del país pueda producirse deforestación, como sucedió en el pasado debido a las migraciones inducidas, cabe preguntarse si no sería razonable explotar estos nuevos yacimientos sin provocar deforestación. Este artículo no da una respuesta categórica pero, a partir de un proyecto de investigación anterior, presenta un ejercicio de simulación en el cual, para mostrar la pérdida económica que acarrearía la deforestación, introduce el valor económico de cuatro servicios prestados por los bosques tropicales. Sostiene además que la evaluación de las consecuencias ambientales debería tener en cuenta la prima correspondiente y se recomienda utilizar un factor de descuento hiperbólico  
650 |a PETROLEO  
650 |a MEDIO AMBIENTE  
650 |a ECONOMIA  
650 |a ECUADOR  
700 |a Delacámara, Gonzalo  
773 |g número 94; páginas 59-73  
999 |c 28277  |d 28277